[Event "EUROPA CUP 2011"]
[Site "SchemingMind.com"]
[Date "2011.03.27"]
[Round "-"]
[White "emvarela"]
[Black "DI DARIO"]
[Result "1-0"]
[WhiteCountry "ARG"]
[BlackCountry "INT"]
[WhiteElo "1827"]
[WhiteRD "52"]
[BlackElo "1517"]
[BlackRD "52"]
[GameID "279252"]

1. e4 d5 2. d4 dxe4 3. Nc3 Nf6 4. f3 exf3 5. Qxf3 Qxd4 6. Be3 Qg4 7. h3 Qxf3 8. Nxf3 a6 9. O-O-O Nc6 10. Bc4 e6
11. a3 Bd6 12. Nd4 Bd7 13. g4
1-0

[Event "EUROPA CUP 2011"]
[Site "SchemingMind.com"]
[Date "2011.03.27"]
[Round "-"]
[White "DI DARIO"]
[Black "emvarela"]
[Result "0-1"]
[WhiteCountry "INT"]
[BlackCountry "ARG"]
[WhiteElo "1517"]
[WhiteRD "52"]
[BlackElo "1827"]
[BlackRD "52"]
[GameID "279253"]

1. Nf3 d5 2. e3 Nf6 3. Nc3 Nc6 4. Bb5 Bd7 5. b3 a6 6. Bxc6 Bxc6 7. Ba3 e6 8. Bxf8 Rxf8 9. d4 Qd6 10. Ne5 O-O-O
11. O-O Ne4 12. Nxe4 dxe4 13. Qh5 Be8
0-1

[Event "EUROPA CUP 2011"]
[Site "SchemingMind.com"]
[Date "2011.03.28"]
[Round "-"]
[White "juditfan"]
[Black "emvarela"]
[Result "0-1"]
[WhiteCountry "ITA"]
[BlackCountry "ARG"]
[WhiteElo "1623"]
[WhiteRD "84"]
[BlackElo "1785"]
[BlackRD "50"]
[GameID "279292"]

1. e4 e5 2. Nf3 Nc6 3. Bb5 a6 4. Bxc6 dxc6 5. d4 exd4 6. Qxd4 Qxd4 7. Nxd4 Nf6 8. Nc3 Bc5 9. Be3 O-O 10. O-O Re8
11. f3 Bxd4 12. Bxd4 Be6 13. Bxf6 gxf6 14. Rad1 Rad8 15. Rxd8 Rxd8 16. Rd1 Rxd1+ 17. Nxd1 b5 18. b3 f5 19. exf5 Bxf5 20. c3 Bb1
21. a3 Bc2 22. Ne3 Bxb3 23. Kf2 c5 24. Ke2 a5 25. Kd3 b4 26. cxb4 cxb4 27. axb4 axb4 28. Nf5 c5 29. Nd6 Kg7 30. f4 Bd5
31. g4 Kf6 32. h4 h6 33. g5+ hxg5 34. fxg5+ Kg6
0-1

[Event "EUROPA CUP 2011"]
[Site "SchemingMind.com"]
[Date "2011.03.28"]
[Round "-"]
[White "juditfan"]
[Black "DI DARIO"]
[Result "1-0"]
[WhiteCountry "ITA"]
[BlackCountry "INT"]
[WhiteElo "1623"]
[WhiteRD "84"]
[BlackElo "1482"]
[BlackRD "58"]
[GameID "279293"]

1. c4 b6 2. Nc3 Bb7 3. Nf3 Bxf3 4. exf3 e6 5. d4 Bb4 6. Bd3 Nf6 7. O-O Nc6 8. Be3 Bxc3 9. bxc3 O-O 10. f4 d5
11. f5 dxc4 12. Bxc4 Na5 13. Bd3 exf5 14. Bxf5 Nd5 15. Qg4 Nxc3 16. Bh6 Qf6 17. Bd2 Ne2+ 18. Qxe2 Qxf5 19. Bxa5 Qxa5 20. Rac1 Rac8
21. Rc6 Qa4 22. Rfc1 Qxd4 23. Rxc7 Rxc7 24. Rxc7 Qa1+ 25. Qf1 Qxa2 26. h3 h6 27. Qb5 Rd8 28. Qf5 a5 29. Rc8 Rxc8 30. Qxc8+ Kh7
31. Qf5+
1-0

[Event "EUROPA CUP 2011"]
[Site "SchemingMind.com"]
[Date "2011.03.31"]
[Round "-"]
[White "emvarela"]
[Black "juditfan"]
[Result "1-0"]
[WhiteCountry "ARG"]
[BlackCountry "ITA"]
[WhiteElo "1785"]
[WhiteRD "50"]
[BlackElo "1623"]
[BlackRD "84"]
[GameID "279294"]

1. e4 c5 2. Nf3 d6 3. d4 cxd4 4. Nxd4 Nf6 5. Nc3 a6 6. Be3 e6 7. f3 Be7 8. Qd2 Nc6 9. O-O-O O-O 10. g4 Nxd4
11. Bxd4 b5 12. g5 Nd7 13. h4 Bb7 14. f4 Rc8 15. Bd3 Nc5 16. Bxc5 dxc5 17. h5 e5 18. Rdg1 c4 19. Be2 Qxd2+ 20. Kxd2 Bc5
21. Rf1 b4 22. Nd5 Bd4 23. Ne7+ Kh8 24. Nxc8 Bxc8 25. Bxc4 Bxb2 26. fxe5 Bxe5 27. Rxf7 Rxf7 28. Bxf7 Bb7 29. Kd3 a5 30. Bd5 Ba6+
31. Bc4 Bxc4+ 32. Kxc4 Kg8 33. Rf1 h6 34. g6
1-0

[Event "EUROPA CUP 2011"]
[Site "SchemingMind.com"]
[Date "2011.03.31"]
[Round "-"]
[White "DI DARIO"]
[Black "juditfan"]
[Result "0-1"]
[WhiteCountry "INT"]
[BlackCountry "ITA"]
[WhiteElo "1482"]
[WhiteRD "58"]
[BlackElo "1623"]
[BlackRD "84"]
[GameID "279295"]

1. Nf3 Nf6 2. g3 g6 3. Bg2 Bg7 4. O-O O-O 5. Nc3 Nc6 6. d4 d5 7. Bf4 Nh5 8. Bg5 Bf6 9. h4 Bxg5 10. hxg5 Re8
11. Ne5 Nxe5 12. dxe5 f6 13. Bxd5+ Kg7 14. gxf6+ exf6 15. exf6+ Nxf6 16. e4 Nxd5 17. Qxd5 Be6 18. Qxb7 Rb8 19. Qxa7 Rxb2 20. Nd5 Bxd5
21. Qd4+ Qf6 22. Qxd5 Rxc2 23. Rac1 Rxc1 24. Rxc1 Re7 25. e5 Qxe5 26. Qxe5+ Rxe5 27. Rxc7+ Kh6 28. Kf1 Ra5 29. Rc2 Kg5 30. Kg2 h5
0-1

[Event "EUROPA CUP 2011"]
[Site "SchemingMind.com"]
[Date "2011.04.03"]
[Round "-"]
[White "mmccaffe"]
[Black "emvarela"]
[Result "1-0"]
[WhiteCountry "USA"]
[BlackCountry "ARG"]
[WhiteElo "1800"]
[WhiteRD "54"]
[BlackElo "1750"]
[BlackRD "48"]
[GameID "279716"]

1. e4 e5 2. Nf3 Nc6 3. Bb5 a6 4. Ba4 Nf6 5. O-O Be7 6. Re1 b5 7. Bb3 O-O 8. a4 b4 9. d3 d6 10. Nbd2 Na5
11. Bc4 Nxc4 12. Nxc4 c5 13. h3 a5 14. b3 Be6 15. Ng5 Bxc4 16. dxc4 h6 17. Nf3 Nh7 18. Nh2 f5 19. Qh5 f4 20. Bb2 Nf6
21. Qd1 Qd7 22. c3 g5 23. cxb4 axb4 24. Ng4 Nxg4 25. hxg4 Kh7 26. Bxe5 Rfd8 27. Bb2 Kg6 28. f3 Qe6 29. Qd5 Qxd5 30. exd5 Rd7
31. Re6+ Kh7 32. Rae1 Raa7 33. R1e2 Bf8 34. Kf2 Bg7 35. Bxg7 Kxg7 36. Re1 Rab7 37. Rh1 Re7 38. Rhxh6
1-0

[Event "EUROPA CUP 2011"]
[Site "SchemingMind.com"]
[Date "2011.04.02"]
[Round "-"]
[White "mmccaffe"]
[Black "juditfan"]
[Result "1-0"]
[WhiteCountry "USA"]
[BlackCountry "ITA"]
[WhiteElo "1771"]
[WhiteRD "52"]
[BlackElo "1623"]
[BlackRD "84"]
[GameID "279717"]

1. e4 c5 2. Nf3 Nc6 3. d4 cxd4 4. Nxd4 Nf6 5. Nc3 d6 6. Bg5 e6 7. f4 Be7 8. Bxf6 Bxf6 9. Nxc6 bxc6 10. Qf3 Bb7
11. Bd3 O-O 12. O-O Bxc3 13. bxc3 c5 14. Qh3 e5 15. Bc4 Bxe4 16. fxe5 dxe5 17. Rae1 Bxc2 18. Rxe5 Qc7 19. Qh5 Rac8 20. Rfe1 Bg6
21. Qe2 Kh8 22. h4 h5 23. Re7 Qg3 24. Qf2 Qxf2+ 25. Kxf2 a5 26. a4 f6 27. Ra7 Ra8 28. Rc7 Rfc8 29. Ree7 Rxc7 30. Rxc7 Be8
31. Rxc5 Bxa4 32. Rxh5#
1-0

[Event "EUROPA CUP 2011"]
[Site "SchemingMind.com"]
[Date "2011.04.01"]
[Round "-"]
[White "mmccaffe"]
[Black "DI DARIO"]
[Result "1-0"]
[WhiteCountry "USA"]
[BlackCountry "INT"]
[WhiteElo "1803"]
[WhiteRD "58"]
[BlackElo "1649"]
[BlackRD "48"]
[GameID "279718"]

1. e4 e5 2. Nf3 Nf6 3. Nxe5 d6 4. Nf3 Nxe4 5. d3 Nf6 6. Qe2+ Be7 7. Bg5 O-O 8. Nc3 Bg4 9. h3 Bxf3 10. Qxf3 Nc6
11. Be3 Rb8 12. O-O-O Ne5 13. Qe2 c6 14. f4 Ned7 15. g4 Nd5 16. Nxd5 cxd5 17. Bg2 Qa5 18. Kb1 Nc5 19. Bxd5 Na4 20. Bb3 Bf6
21. Bxa4 Qxa4 22. g5 Bd4 23. Bxd4 Qxd4 24. Qe4 Qxe4 25. dxe4 Rfd8 26. Rd5 Kf8 27. Rhd1 Re8 28. e5 dxe5 29. fxe5 b5 30. R1d2 f6
31. gxf6 gxf6 32. exf6 Kf7 33. Rd7+ Kxf6 34. b3 a5 35. Rxh7 a4 36. Kb2 Re3 37. Rd6+ Ke5 38. Re7+ Kxd6 39. Rxe3 Kd5 40. h4 Rh8
41. Rh3 Ke5 42. bxa4 bxa4 43. Ka3 Rc8 44. c3 Kf4 45. Kb4 Kg4 46. Rh1 Rc7 47. h5 Kg5 48. h6 Kg6 49. h7 Rxh7 50. Rxh7 Kxh7
51. Kxa4 Kg7 52. c4 Kf7 53. Kb5
1-0

[Event "EUROPA CUP 2011"]
[Site "SchemingMind.com"]
[Date "2011.04.04"]
[Round "-"]
[White "emvarela"]
[Black "mmccaffe"]
[Result "1/2-1/2"]
[WhiteCountry "ARG"]
[BlackCountry "USA"]
[WhiteElo "1750"]
[WhiteRD "48"]
[BlackElo "1800"]
[BlackRD "54"]
[GameID "279719"]

1. e4 c5 2. Nf3 d6 3. d4 cxd4 4. Nxd4 Nf6 5. Nc3 a6 6. Bg5 e6 7. f4 Be7 8. Qf3 O-O 9. O-O-O Nbd7 10. Bxf6 Nxf6
11. e5 Ne8 12. exd6 Nxd6 13. Bd3 Bd7 14. g4 Qc7 15. f5 e5 16. Nb3 Bc6 17. Be4 Nxe4 18. Nxe4 Bg5+ 19. Kb1 Rac8 20. Rhe1 Bb5
21. Nxg5 Qxc2+ 22. Ka1 h6 23. Ne4 Qxh2 24. Ng3 Rc2=
1/2-1/2

[Event "EUROPA CUP 2011"]
[Site "SchemingMind.com"]
[Date "2011.04.02"]
[Round "-"]
[White "juditfan"]
[Black "mmccaffe"]
[Result "1/2-1/2"]
[WhiteCountry "ITA"]
[BlackCountry "USA"]
[WhiteElo "1623"]
[WhiteRD "84"]
[BlackElo "1771"]
[BlackRD "52"]
[GameID "279720"]

1. e4 c5 2. Nf3 d6 3. d4 cxd4 4. Nxd4 Nf6 5. Nc3 a6 6. Bc4 e6 7. Bb3 Be7 8. O-O O-O 9. f4 Qc7 10. Be3 Nc6
11. f5 Nxd4 12. Bxd4 e5 13. Be3 b5 14. Nd5 Nxd5 15. Bxd5 Bb7 16. Bxb7 Qxb7 17. Qg4 Rfc8 18. f6 Bf8 19. Bh6 g6 20. Qh4 Kh8
21. Bxf8 Rxf8 22. Qh6 Rg8 23. Rae1 Qc8 24. Rf3 Qf8 25. Qg5 h6 26. Qh4 Kh7 27. Rh3 Rh8 28. g4 Kg8 29. Ree3 Rc8 30. g5 h5
31. Qf2 Qd8 32. Ra3 Qc7 33. Rxa6 Qxc2 34. Rxd6 Qxf2+ 35. Kxf2 Rc2+=
1/2-1/2

[Event "EUROPA CUP 2011"]
[Site "SchemingMind.com"]
[Date "2011.04.01"]
[Round "-"]
[White "DI DARIO"]
[Black "mmccaffe"]
[Result "0-1"]
[WhiteCountry "INT"]
[BlackCountry "USA"]
[WhiteElo "1649"]
[WhiteRD "48"]
[BlackElo "1803"]
[BlackRD "58"]
[GameID "279721"]

1. e4 c5 2. Bc4 d6 3. d4 cxd4 4. Qxd4 Nc6 5. Qc3 Nf6 6. f3 e6 7. Bg5 Be7 8. Bb5 Bd7 9. Ne2 Rc8 10. Bc4 Na5
11. Na3 Nxc4 12. Nxc4 b5 13. Bxf6 gxf6 14. Nxd6+ Bxd6 15. Qd3 Be7 16. O-O Qb6+ 17. Kh1 b4 18. a4 a5 19. Nd4 O-O 20. Ne2 Rfd8
21. Ng3 Bxa4 22. Qe2 Bb5 23. Qf2 Bc5 24. Qe1 Bxf1 25. Qxf1 Bd4 26. h4 Rxc2 27. Kh2 Bxb2 28. Nh5 Rdd2 29. Ra2 Be5+ 30. f4 Rxa2
31. fxe5 Rxg2+ 32. Qxg2+ Rxg2+ 33. Kxg2 fxe5 34. Nf6+ Kg7
0-1

[Event "EUROPA CUP 2011"]
[Site "SchemingMind.com"]
[Date "2011.04.04"]
[Round "-"]
[White "Yellow"]
[Black "mmccaffe"]
[Result "1-0"]
[WhiteCountry "INT"]
[BlackCountry "USA"]
[WhiteElo "2173"]
[WhiteRD "84"]
[BlackElo "1853"]
[BlackRD "56"]
[GameID "279841"]

1. Nf3 Nf6 2. c4 g6 3. g3 Bg7 4. Bg2 O-O 5. O-O d6 6. d4 c6 7. Nc3 Nbd7 8. h3 Qc7 9. Qd3 Rb8 10. c5 d5
11. Bf4 e5 12. Nxe5 Nh5 13. Nxg6 Nxf4 14. Nxf4 b6 15. Nfxd5 cxd5 16. Nxd5 Qd8 17. c6 Nf6 18. c7
1-0

[Event "EUROPA CUP 2011"]
[Site "SchemingMind.com"]
[Date "2011.04.03"]
[Round "-"]
[White "Yellow"]
[Black "emvarela"]
[Result "1-0"]
[WhiteCountry "INT"]
[BlackCountry "ARG"]
[WhiteElo "2277"]
[WhiteRD "69"]
[BlackElo "1785"]
[BlackRD "50"]
[GameID "279842"]

1. Nf3 d5 2. d4 Nf6 3. c4 e6 4. Nc3 c6 5. Bg5 dxc4 6. e4 b5 7. e5 h6 8. Bh4 g5 9. Nxg5 hxg5 10. Bxg5 Nbd7
11. exf6 Bb7 12. g3 Qb6 13. Bg2 O-O-O 14. O-O Bh6 15. Be3 Bxe3 16. fxe3 Ne5 17. b4 a5 18. a3 axb4 19. axb4 Nd3 20. Ne4 Nxb4
21. Qb1 Nd5 22. Rf3 Rh6 23. Qc1 Nxe3 24. Rxe3 Rxd4 25. Kh1 c5 26. Rea3 Rxe4 27. Qxh6 Re2 28. Qf8+
1-0

[Event "EUROPA CUP 2011"]
[Site "SchemingMind.com"]
[Date "2011.04.03"]
[Round "-"]
[White "Yellow"]
[Black "juditfan"]
[Result "1-0"]
[WhiteCountry "INT"]
[BlackCountry "ITA"]
[WhiteElo "2003"]
[WhiteRD "117"]
[BlackElo "1539"]
[BlackRD "87"]
[GameID "279843"]

1. Nf3 Nf6 2. c4 g6 3. g3 Bg7 4. Bg2 O-O 5. Nc3 d6 6. d4 Nbd7 7. O-O e5 8. Be3 exd4 9. Bxd4 Re8 10. Rc1 b6
11. Bxf6 Nxf6 12. Nd4 Bb7 13. Bxb7
1-0

[Event "EUROPA CUP 2011"]
[Site "SchemingMind.com"]
[Date "2011.04.03"]
[Round "-"]
[White "Yellow"]
[Black "DI DARIO"]
[Result "1-0"]
[WhiteCountry "INT"]
[BlackCountry "INT"]
[WhiteElo "2003"]
[WhiteRD "117"]
[BlackElo "1649"]
[BlackRD "48"]
[GameID "279844"]

1. Nf3 Nf6 2. d4 d5 3. c4 c6 4. Nc3 h6 5. e3 Bg4 6. Qb3 Bxf3 7. Qxb7 Nbd7 8. gxf3 Qb6 9. Qxa8+ Qb8 10. Qxc6 dxc4
11. Bxc4 e6 12. e4 Bb4 13. e5 Bxc3+ 14. bxc3 Nh5 15. Bb5 Qd8 16. Qc5 g5 17. Rb1 f6 18. Bxd7+ Qxd7 19. Rb8+
1-0

[Event "EUROPA CUP 2011"]
[Site "SchemingMind.com"]
[Date "2011.04.04"]
[Round "-"]
[White "mmccaffe"]
[Black "Yellow"]
[Result "0-1"]
[WhiteCountry "USA"]
[BlackCountry "INT"]
[WhiteElo "1771"]
[WhiteRD "52"]
[BlackElo "2277"]
[BlackRD "69"]
[GameID "279845"]

1. e4 e5 2. Nf3 Nc6 3. Bb5 a6 4. Ba4 Nf6 5. O-O Be7 6. Bxc6 dxc6 7. d3 Qd6 8. Nc3 Bg4 9. h3 Bh5 10. a3 Nd7
11. Be3 O-O 12. Qd2 f5 13. exf5 Bxf3 14. gxf3 Rxf5 15. Ne4 Qe6 16. Ng3 Rxf3 17. Kg2 Raf8 18. Bg5 Bd6 19. Ne4 Qxh3+ 20. Kg1 Qg4+
0-1

[Event "EUROPA CUP 2011"]
[Site "SchemingMind.com"]
[Date "2011.04.03"]
[Round "-"]
[White "emvarela"]
[Black "Yellow"]
[Result "0-1"]
[WhiteCountry "ARG"]
[BlackCountry "INT"]
[WhiteElo "1785"]
[WhiteRD "50"]
[BlackElo "2277"]
[BlackRD "69"]
[GameID "279846"]

1. e4 e5 2. Nf3 Nc6 3. Bb5 a6 4. Bxc6 dxc6 5. O-O f6 6. d4 Bg4 7. dxe5 Qxd1 8. Rxd1 fxe5 9. Rd3 Bd6 10. Bg5 h6
11. Bh4 Ne7 12. Nbd2 Ng6 13. Bg3 Be6 14. b3 Rf8 15. Rd1 Nf4 16. Bxf4 Rxf4 17. g3 Rf6 18. Kg2 b5 19. h3 c5 20. c4 Rd8
21. a3 Rf7 22. Nf1 bxc4 23. bxc4 Bxc4 24. Rc3 Be6 25. g4 Rf4 26. Ng3 g6 27. Rcd3 c4 28. R3d2 Rf6 29. g5 hxg5 30. Nxg5 Bd7
31. Rc1 Bxa3 32. h4 Bxc1
0-1

[Event "EUROPA CUP 2011"]
[Site "SchemingMind.com"]
[Date "2011.04.04"]
[Round "-"]
[White "juditfan"]
[Black "Yellow"]
[Result "0-1"]
[WhiteCountry "ITA"]
[BlackCountry "INT"]
[WhiteElo "1542"]
[WhiteRD "90"]
[BlackElo "2173"]
[BlackRD "84"]
[GameID "279847"]

1. c4 c5 2. Nc3 g6 3. Qc2 Nc6 4. Nf3 Bg7 5. g3 Nf6 6. Bg2 O-O 7. O-O d6 8. a3 Bg4 9. h3 Bxf3 10. Bxf3 Nd4
11. Qd3 Nxf3+ 12. Qxf3 Qd7 13. d3 Qxh3 14. Qxb7 a6 15. Qg2 Qxg2+ 16. Kxg2 Rfb8 17. Rb1 Rb3 18. Bd2 Rab8
0-1

[Event "EUROPA CUP 2011"]
[Site "SchemingMind.com"]
[Date "2011.04.03"]
[Round "-"]
[White "DI DARIO"]
[Black "Yellow"]
[Result "0-1"]
[WhiteCountry "INT"]
[BlackCountry "INT"]
[WhiteElo "1649"]
[WhiteRD "48"]
[BlackElo "2003"]
[BlackRD "117"]
[GameID "279848"]

1. Nf3 Nf6 2. g3 g6 3. d4 Bg7 4. Nc3 d5 5. Bg2 O-O 6. Bf4 c6 7. e3 Nbd7 8. Bh3 h6 9. Qd2 Ne4 10. Nxe4 dxe4
11. Ne5 Nxe5 12. Bxe5 Bxh3 13. Bxg7 Kxg7 14. Qb4 Bg2 15. Rg1 Bf3 16. Qxb7 Qa5+ 17. c3 Rab8 18. Qxc6 Rfc8 19. Qd7 Qa6 20. Kd2 Qe2+
0-1

[Event "EUROPA CUP 2011"]
[Site "SchemingMind.com"]
[Date "2011.04.04"]
[Round "-"]
[White "capablanca"]
[Black "mmccaffe"]
[Result "1-0"]
[WhiteCountry "GER"]
[BlackCountry "USA"]
[WhiteElo "1685"]
[WhiteRD "58"]
[BlackElo "1771"]
[BlackRD "52"]
[GameID "279935"]

1. e4 c5 2. c3 Nf6 3. e5 Nd5 4. d4 g6 5. c4 Nb6 6. dxc5 Nxc4 7. Bxc4 Qa5+ 8. Bd2 Qxc5 9. Qe2 Nc6 10. Bc3 Bg7
11. Nf3 a6 12. Nbd2 b5 13. Bb3 b4 14. Ne4 Qa5 15. Qc4 Nxe5 16. Nxe5 Bxe5 17. Qxf7+ Kd8 18. Bxe5 Qxe5 19. O-O Qxe4 20. Rfe1 Qh4
21. Rac1 Qf6 22. Qxf6 exf6 23. Re4 Rb8 24. Rce1 Rb5 25. Re7 Re5 26. R7xe5 fxe5 27. Rxe5 Re8 28. Rxe8+ Kxe8 29. Kf1 Bb7 30. f4 Ke7
31. Kf2 Kd6 32. g4 Bd5 33. Bxd5 Kxd5 34. Ke3 a5 35. b3 d6 36. Kd3 h6 37. h3 Ke6 38. Kc4 d5+ 39. Kc5 h5 40. Kd4 Kd6
41. f5 hxg4 42. hxg4 g5 43. f6 Ke6 44. f7 Kxf7 45. Kxd5 Kf6 46. Kd6 Kf7 47. Ke5 Kg6 48. Ke6 Kg7 49. Kf5
1-0

[Event "EUROPA CUP 2011"]
[Site "SchemingMind.com"]
[Date "2011.04.05"]
[Round "-"]
[White "capablanca"]
[Black "emvarela"]
[Result "0-1"]
[WhiteCountry "GER"]
[BlackCountry "ARG"]
[WhiteElo "1685"]
[WhiteRD "58"]
[BlackElo "1785"]
[BlackRD "50"]
[GameID "279936"]

1. e4 e5 2. Nf3 Nc6 3. Bc4 Nf6 4. d4 exd4 5. Ng5 d5 6. exd5 Qe7+ 7. Qe2 Qxe2+ 8. Bxe2 Nb4 9. Na3 Nbxd5 10. O-O Bxa3
11. bxa3 h6 12. Nf3 c5 13. Bc4 Be6 14. Re1 O-O-O 15. Ne5 Rhe8 16. Bd2 a6 17. a4 Nd7 18. Nxd7 Rxd7 19. Rab1 Nc7 20. Bxe6 Nxe6
21. Kf1 Rde7 22. Rb6 Nc7 23. Rxe7 Rxe7 24. Rb1= Nd5 25. f4 Ne3+ 26. Bxe3 Rxe3 27. Rb3 Re4 28. g3 Kc7 29. Kf2 b6 30. Kf3 f5
31. g4 g5 32. fxg5 hxg5 33. gxf5 Rf4+ 34. Kg3 Rxf5 35. Kg4 Rf2 36. Kxg5 Rxh2 37. Kf4 Rxc2 38. a3 Rc4 39. Ke4 Kc6 40. a5 b5
41. Kd3 Ra4
0-1

[Event "EUROPA CUP 2011"]
[Site "SchemingMind.com"]
[Date "2011.04.05"]
[Round "-"]
[White "capablanca"]
[Black "Yellow"]
[Result "0-1"]
[WhiteCountry "GER"]
[BlackCountry "INT"]
[WhiteElo "1642"]
[WhiteRD "52"]
[BlackElo "2173"]
[BlackRD "84"]
[GameID "279937"]

1. e4 e5 2. Nf3 Nc6 3. Bc4 Bc5 4. b4 Bxb4 5. c3 Be7 6. Qb3 Nh6 7. d4 Na5 8. Qb5 Nxc4 9. Qxc4 exd4 10. cxd4 d5
11. exd5 Nf5 12. O-O Nd6 13. Qd3 O-O 14. Re1 Re8 15. Ba3 Bf5 16. Qb3 a5 17. Nc3 Rc8 18. Ne5 Bg5 19. Nf3 Bh6 20. Bxd6 cxd6
21. Nb5 Qd7 22. Rxe8+ Rxe8 23. Nh4 Qe7 24. Nf3 Be4 25. Re1 Qd7 26. a4 Bxf3 27. Qxf3 Rxe1#
0-1

[Event "EUROPA CUP 2011"]
[Site "SchemingMind.com"]
[Date "2011.04.05"]
[Round "-"]
[White "capablanca"]
[Black "juditfan"]
[Result "1/2-1/2"]
[WhiteCountry "GER"]
[BlackCountry "ITA"]
[WhiteElo "1642"]
[WhiteRD "52"]
[BlackElo "1542"]
[BlackRD "90"]
[GameID "279938"]

1. e4 Nf6 2. e5 Nd5 3. c4 Nb6 4. d4 d6 5. exd6 exd6 6. Nf3 Nc6 7. Be2 Be7 8. O-O O-O 9. Nc3 Bg4 10. b3 Re8
11. Be3 Bf6 12. Rc1 a5 13. h3 Bh5 14. a3 Ne7 15. Nd2 Bxe2 16. Qxe2 Nf5 17. Qf3 Nxe3 18. fxe3 Bg5 19. Qxf7+ Kh8 20. Nd1 Bxe3+
21. Nxe3 Rxe3 22. Rf3 Rxf3 23. Nxf3 Qe8 24. Qxe8+=
1/2-1/2

[Event "EUROPA CUP 2011"]
[Site "SchemingMind.com"]
[Date "2011.04.04"]
[Round "-"]
[White "capablanca"]
[Black "DI DARIO"]
[Result "1-0"]
[WhiteCountry "GER"]
[BlackCountry "INT"]
[WhiteElo "1645"]
[WhiteRD "54"]
[BlackElo "1649"]
[BlackRD "48"]
[GameID "279939"]

1. e4 e5 2. Nc3 Nf6 3. f4 exf4 4. Bc4 Bc5 5. d4 Bb4 6. Ne2 Bxc3+ 7. Nxc3 d6 8. Bxf4 O-O 9. O-O Bg4 10. Qd2 c6
11. Bg5 Nbd7 12. Qf4 Re8 13. Rae1 h6 14. Bxh6 gxh6 15. Qxh6 d5 16. e5 dxc4 17. exf6 Nxf6 18. Qg5+ Kf8 19. Rxe8+ Kxe8 20. Rxf6 Qe7
21. Qxg4 Qxf6 22. Qg8+ Ke7 23. Qxa8 Qxd4+ 24. Kh1 Qf2 25. Qxb7+ Kf8 26. Qb8+ Kg7 27. Qg3+ Qxg3 28. hxg3
1-0

[Event "EUROPA CUP 2011"]
[Site "SchemingMind.com"]
[Date "2011.04.05"]
[Round "-"]
[White "mmccaffe"]
[Black "capablanca"]
[Result "1-0"]
[WhiteCountry "USA"]
[BlackCountry "GER"]
[WhiteElo "1823"]
[WhiteRD "57"]
[BlackElo "1652"]
[BlackRD "54"]
[GameID "279940"]

1. e4 e5 2. Nf3 Nc6 3. Bb5 a6 4. Ba4 Nf6 5. O-O b5 6. Bb3 Bc5 7. d3 O-O 8. Nc3 h6 9. h3 d6 10. a4 b4
11. Nd5 Na5 12. Nxf6+ Qxf6 13. Be3 Ba7 14. Bd5 c6 15. Bc4 Nxc4 16. dxc4 Bxe3 17. fxe3 Qg6 18. Kh1 Qxe4 19. Qxd6 Qxe3 20. Qxc6 Be6
21. Rae1 Qa7 22. Nxe5 Rac8 23. Qe4 Rc5 24. b3 Qc7 25. Nd3 Rg5 26. Nxb4 a5 27. Nd3 Re8 28. Qf4 Qc6 29. Qe4
1-0

[Event "EUROPA CUP 2011"]
[Site "SchemingMind.com"]
[Date "2011.04.05"]
[Round "-"]
[White "emvarela"]
[Black "capablanca"]
[Result "1/2-1/2"]
[WhiteCountry "ARG"]
[BlackCountry "GER"]
[WhiteElo "1827"]
[WhiteRD "52"]
[BlackElo "1652"]
[BlackRD "54"]
[GameID "279941"]

1. e4 e5 2. Nf3 Nc6 3. d4 exd4 4. c3 dxc3 5. Bc4 d6 6. Nxc3 Be7 7. Qb3 Na5 8. Bxf7+ Kf8 9. Qa4 Kxf7 10. Qxa5 Nf6
11. Nd5 Nxd5 12. Qxd5+ Kf8 13. Ng5 Bxg5 14. Bxg5 Qe8 15. f4 Qe6 16. Qxe6 Bxe6 17. f5 Bd7 18. O-O Kf7 19. Rac1 Bc6 20. Rfe1 Rhe8
21. Rc4 Rac8 22. Kf2 h6 23. Bf4 Bb5 24. Rb4 Bc6=
1/2-1/2

[Event "EUROPA CUP 2011"]
[Site "SchemingMind.com"]
[Date "2011.04.05"]
[Round "-"]
[White "Yellow"]
[Black "capablanca"]
[Result "1-0"]
[WhiteCountry "INT"]
[BlackCountry "GER"]
[WhiteElo "2173"]
[WhiteRD "84"]
[BlackElo "1642"]
[BlackRD "52"]
[GameID "279942"]

1. Nf3 Nf6 2. c4 g6 3. d4 Bg7 4. Nc3 c5 5. d5 O-O 6. g3 d6 7. Bg2 Nbd7 8. O-O Ne8 9. Re1 Ne5 10. Nxe5 Bxe5
11. Bh6 Ng7 12. Qd2 Re8 13. Bf4 Bxf4 14. Qxf4 Nf5 15. Rab1 Nd4 16. g4 e5 17. dxe6 Nxe6 18. Qg3 Nd4 19. e3 Nc6 20. Ne4 Ne5
21. g5 Nd3 22. Red1 Bf5 23. Nf6+ Kg7 24. e4 Nxf2 25. Kxf2
1-0

[Event "EUROPA CUP 2011"]
[Site "SchemingMind.com"]
[Date "2011.04.05"]
[Round "-"]
[White "juditfan"]
[Black "capablanca"]
[Result "1-0"]
[WhiteCountry "ITA"]
[BlackCountry "GER"]
[WhiteElo "1612"]
[WhiteRD "88"]
[BlackElo "1652"]
[BlackRD "54"]
[GameID "279943"]

1. e4 e5 2. f4 exf4 3. Bc4 Qh4+ 4. Kf1 g5 5. Nf3 Qh5 6. d4 d6 7. g3 fxg3 8. Kg2 g4 9. Ng5 Nh6 10. hxg3 Qg6
11. Rf1 Be6 12. Nxe6 fxe6 13. Nc3 Nc6 14. e5 d5 15. Bb5 Nf5 16. Na4 Nxd4 17. Qxd4 Qxc2+ 18. Qd2 Qe4+ 19. Kg1 Qxe5 20. Bxc6+ bxc6
21. Qc2 Qxg3+ 22. Qg2 Qxg2+ 23. Kxg2 Bd6 24. Bf4 h5 25. Rae1 Kd7 26. Bxd6 cxd6 27. Rf7+ Ke8 28. Rf6 Rd8 29. Rexe6+ Kd7 30. Rxd6+ Ke7
31. Rde6+ Kd7 32. Nc5+ Kc7 33. Rxc6+ Kb8 34. Rf7 d4 35. Rcc7
1-0

[Event "EUROPA CUP 2011"]
[Site "SchemingMind.com"]
[Date "2011.04.04"]
[Round "-"]
[White "DI DARIO"]
[Black "capablanca"]
[Result "0-1"]
[WhiteCountry "INT"]
[BlackCountry "GER"]
[WhiteElo "1649"]
[WhiteRD "48"]
[BlackElo "1645"]
[BlackRD "54"]
[GameID "279944"]

1. Nf3 c5 2. c4 Nc6 3. b3 g6 4. Bb2 Nf6 5. Nc3 Bg7 6. Rb1 O-O 7. Nd5 e6 8. Nxf6+ Bxf6 9. g3 b6 10. Bg2 Bb7
11. O-O Nb4 12. a3 Nc6 13. h4 Rb8 14. Nh2 Nd4 15. e3 Nf5 16. Bxb7 Rxb7 17. Qf3 Rb8 18. Ng4 Bxb2 19. Rxb2 Kg7 20. e4 Nd4
21. Qe3 f6 22. Qh6+ Kg8 23. e5 Nf3+ 24. Kg2 Nxe5 25. Nxe5 fxe5 26. d3 Qf6 27. Re2 Qf3+ 28. Kg1 Qxe2 29. f4 Qe3+ 30. Kh2 exf4
31. gxf4 Rf5 32. Rg1 Qxf4+ 33. Qxf4 Rxf4
0-1

[Event "EUROPA CUP 2011"]
[Site "SchemingMind.com"]
[Date "2011.04.06"]
[Round "-"]
[White "jesusch"]
[Black "capablanca"]
[Result "1-0"]
[WhiteCountry "ESP"]
[BlackCountry "GER"]
[WhiteElo "1985"]
[WhiteRD "76"]
[BlackElo "1642"]
[BlackRD "52"]
[GameID "280112"]

1. e4 e5 2. Nf3 Nc6 3. Bb5 a6 4. Ba4 Nf6 5. O-O Be7 6. Re1 d6 7. h3 O-O 8. c3 Be6 9. d4 exd4 10. cxd4 b5
11. Bc2 d5 12. e5 Nd7 13. Bxh7+ Kxh7 14. Qc2+
1-0

[Event "EUROPA CUP 2011"]
[Site "SchemingMind.com"]
[Date "2011.04.06"]
[Round "-"]
[White "jesusch"]
[Black "mmccaffe"]
[Result "1-0"]
[WhiteCountry "ESP"]
[BlackCountry "USA"]
[WhiteElo "2002"]
[WhiteRD "71"]
[BlackElo "1771"]
[BlackRD "52"]
[GameID "280113"]

1. e4 c5 2. Nf3 d6 3. d4 cxd4 4. Nxd4 Nf6 5. Nc3 a6 6. Be2 e5 7. Nb3 Be6 8. f4 exf4 9. Bxf4 Be7 10. Qd2 Nc6
11. O-O-O Ne5 12. Nd4 O-O 13. Nf5 Bxf5 14. exf5 Qc7 15. g4 b5 16. a3 Nc4 17. Bxc4 Qxc4 18. g5 Ne8 19. f6 gxf6 20. gxf6 Nxf6
21. Bxd6 Bxd6 22. Qxd6 Qe6 23. Qf4 Kh8 24. Rd6
1-0